{"text_format":"3","workbook":"xlsx","n_sheets":7,"sheets":["扉-3 投标总价扉页","表-04 单位工程投标报价汇总表","表-08 分部分项工程和单价措施项目清单与计价表","表-09 综合单价分析表","表-11 总价措施项目清单与计价表","表-13 规费、税金项目清单与计价表","主要材料价格表"],"read":"whole","date_system":"1900"}

{"sheet":"扉-3 投标总价扉页","index":0,"n_rows":14,"n_cols":6,"rows_kept":14,"merged":[[0,1,0,4],[1,0,1,5],[2,1,2,5],[3,1,3,5],[4,2,4,5],[5,2,5,5],[6,1,6,5],[7,1,7,5],[8,1,8,5],[9,1,9,5],[10,1,10,5],[11,1,11,5],[12,1,12,5],[13,1,13,4]]}
[null,"哈尔滨市双城区分公司用电改造工程",{"$nulls":3},"工程"]
["投 标 总 价"]
["招  标  人："]
["工 程 名 称：","哈尔滨市双城区分公司用电改造工程"]
["投标总价 ","（小写）：","184,724.88"]
[null,"（大写）：","壹拾捌万肆仟柒佰贰拾肆元捌角捌分"]
["投标人："]
[null,"(单位盖章)"]
["法定代表人\n\n或其授权人："]
[null,"(签字或盖章)"]
["编 制 人："]
[null,"（造价人员签字盖专用章）"]
["编制时间：  ","        2024年    5  月   13   日"]
[{"$nulls":5},"扉-3"]

{"sheet":"表-04 单位工程投标报价汇总表","index":1,"n_rows":36,"n_cols":6,"rows_kept":36,"merged":[[0,0,0,5],[1,0,1,1],[1,2,1,4],[2,1,2,2],[2,4,2,5],[3,1,3,2],[3,4,3,5],[4,1,4,2],[4,4,4,5],[5,1,5,2],[5,4,5,5],[6,1,6,2],[6,4,6,5],[7,1,7,2],[7,4,7,5],[8,1,8,2],[8,4,8,5],[9,1,9,2],[9,4,9,5],[10,1,10,2],[10,4,10,5],[11,1,11,2],[11,4,11,5],[12,1,12,2],[12,4,12,5],[13,1,13,2],[13,4,13,5],[14,1,14,2],[14,4,14,5],[15,1,15,2],[15,4,15,5],[16,1,16,2],[16,4,16,5],[17,1,17,2],[17,4,17,5],[18,1,18,2],[18,4,18,5],[19,1,19,2],[19,4,19,5],[20,1,20,2],[20,4,20,5],[21,1,21,2],[21,4,21,5],[22,1,22,2],[22,4,22,5],[23,1,23,2],[23,4,23,5],[24,1,24,2],[24,4,24,5],[25,1,25,2],[25,4,25,5],[26,1,26,2],[26,4,26,5],[27,1,27,2],[27,4,27,5],[28,1,28,2],[28,4,28,5],[29,1,29,2],[29,4,29,5],[30,1,30,2],[30,4,30,5],[31,1,31,2],[31,4,31,5],[32,1,32,2],[32,4,32,5],[33,1,33,2],[33,4,33,5],[34,0,34,2],[34,4,34,5],[35,0,35,4]]}
["单位工程投标报价汇总表"]
["工程名称：哈尔滨市双城区分公司用电改造工程",null,"标段：",null,null,"第 1 页 共 1 页"]
["序号","汇总内容",null,"金额:(元)","其中：暂估价(元)"]
["(一)","分部分项工程费",null,157967.72]
["1.1","电力",null,120107.72]
["1.2","80KVA箱变基础",null,37860]
["(二)","措施项目费",null,4415.61]
["(1)","单价措施项目费"]
["(2)","总价措施项目费",null,4415.61]
["①","安全文明施工费",null,4296.72]
["②","其他措施项目费",null,118.89]
["③","专业工程措施项目费"]
["(三)","其他项目费",null,null,"－"]
["(3)","暂列金额"]
["(4)","专业工程暂估价"]
["(5)","计日工"]
["(6)","总承包服务费"]
["(四)","规费",null,7089.04,"－"]
["(1)","社会保险费",null,5930.7,"－"]
["①","养老保险费",null,3706.69,"－"]
["②","医疗保险费",null,1737.51,"－"]
["③","失业保险费",null,115.83,"－"]
["④","工伤保险费",null,231.67,"－"]
["⑤","生育保险费",null,139,"－"]
["(2)","住房公积金",null,1158.34,"－"]
["(3)","环境保护税",null,null,"－"]
["(五)","税金",null,15252.51,"－"]
{"$rows_empty":7}
["投标报价合计=(一)+(二)+(三)+(四)+(五)-甲供材料费",null,null,"184,724.88","0"]
["注：本表适用于单位工程招标控制价或投标报价的汇总，如无单位工程划分，单项工程也使用本表汇总",{"$nulls":4},"表—04"]

{"sheet":"表-08 分部分项工程和单价措施项目清单与计价表","index":2,"n_rows":54,"n_cols":11,"rows_kept":54,"merged":[[0,0,0,10],[1,0,1,3],[1,4,1,8],[1,9,1,10],[2,0,3,0],[2,1,3,1],[2,2,3,2],[2,3,3,4],[2,5,3,5],[2,6,3,6],[2,7,2,10],[3,7,3,7],[3,8,3,9],[4,3,4,4],[4,8,4,9],[5,3,5,4],[5,8,5,9],[6,3,6,4],[6,8,6,9],[7,3,7,4],[7,8,7,9],[8,3,8,4],[8,8,8,9],[9,3,9,4],[9,8,9,9],[10,3,10,4],[10,8,10,9],[11,3,11,4],[11,8,11,9],[12,0,12,7],[12,8,12,9],[13,0,13,10],[14,0,14,3],[14,4,14,8],[14,9,14,10],[15,0,15,10],[16,0,16,3],[16,4,16,8],[16,9,16,10],[17,0,18,0],[17,1,18,1],[17,2,18,2],[17,3,18,4],[17,5,18,5],[17,6,18,6],[17,7,17,10],[18,7,18,7],[18,8,18,9],[19,3,19,4],[19,8,19,9],[20,3,20,4],[20,8,20,9],[21,3,21,4],[21,8,21,9],[22,3,22,4],[22,8,22,9],[23,3,23,4],[23,8,23,9],[24,0,24,7],[24,8,24,9],[25,0,25,10],[26,0,26,3],[26,4,26,8],[26,9,26,10],[27,0,27,10],[28,0,28,3],[28,4,28,8],[28,9,28,10],[29,0,30,0],[29,1,30,1],[29,2,30,2],[29,3,30,4],[29,5,30,5],[29,6,30,6],[29,7,29,10],[30,7,30,7],[30,8,30,9],[31,3,31,4],[31,8,31,9],[32,3,32,4],[32,8,32,9],[33,3,33,4],[33,8,33,9],[34,3,34,4],[34,8,34,9],[35,3,35,4],[35,8,35,9],[36,3,36,4],[36,8,36,9],[37,3,37,4],[37,8,37,9],[38,3,38,4],[38,8,38,9],[39,3,39,4],[39,8,39,9],[40,3,40,4],[40,8,40,9],[41,3,41,4],[41,8,41,9],[42,3,42,4],[42,8,42,9],[43,3,43,4],[43,8,43,9],[44,3,44,4],[44,8,44,9],[45,3,45,4],[45,8,45,9],[46,3,46,4],[46,8,46,9],[47,3,47,4],[47,8,47,9],[48,3,48,4],[48,8,48,9],[49,3,49,4],[49,8,49,9],[50,0,50,7],[50,8,50,9],[51,0,51,7],[51,8,51,9],[52,0,52,10],[53,0,53,3],[53,4,53,8],[53,9,53,10]]}
["分部分项工程和单价措施项目清单与计价表"]
["工程名称：哈尔滨市双城区分公司用电改造工程",{"$nulls":3},"标段：",{"$nulls":4},"第 1 页  共 3 页"]
["序号","项目编码","项目名称","项目特征描述",null,"计量单位","工程量","金额（元）"]
[{"$nulls":7},"综合单价","综合合价",null,"其中：暂估价"]
[null,null,"电力"]
[1,"040501008001","牵引管（顶管）敷设","1.名称:牵引管敷设（2根管同时定向钻敷设）\n2.材质及规格:HDPE165*12mm\n3.接口方式:热熔\n4.备注:已包含工作井的土方挖填及路面恢复",null,"m",45,389.13,17510.85]
[2,"010101004001","挖基坑土方","1.顶管起、始端挖基坑\n2.基坑尺寸：2m*2m*2m",null,"m3",16,12.61,201.76]
[3,"010103001001","回填方","1.顶管基坑回填",null,"m3",20.25,10.8,218.7]
[4,"030408003001","电缆保护管","1.名称:热镀锌钢管\n2.规格:SC125\n3.敷设部位及方式:沿杆明敷（含电缆抱箍卡子）",null,"根",2,317.07,634.14]
[5,"030408003002","电缆保护管","1.名称:热镀锌钢管\n2.规格:SC125\n3.敷设部位及方式:箱变基础，暗敷",null,"根",2,175.56,351.12]
[6,"030409002001","（箱变）接地母线","1.名称:接地母线\n2.材质:热镀锌扁钢\n3.规格:40*4",null,"m",55,40.04,2202.2]
[7,"030409001001","（箱变）接地极","1.名称:接地极\n2.材质:热镀锌角钢\n3.规格:50*50*5  \n4.长度：L=2.5米/根,共6根",null,"根",6,76.96,461.76]
["本页小计",{"$nulls":7},21580.53]
["注：为计取规费等的使用，可在表中增设其中：“定额人工费”。"]
[{"$nulls":9},"表—08"]
["分部分项工程和单价措施项目清单与计价表"]
["工程名称：哈尔滨市双城区分公司用电改造工程",{"$nulls":3},"标段：",{"$nulls":4},"第 2 页  共 3 页"]
["序号","项目编码","项目名称","项目特征描述",null,"计量单位","工程量","金额（元）"]
[{"$nulls":7},"综合单价","综合合价",null,"其中：暂估价"]
[8,"030410004001","（箱变及线路）智能真空开关","1.名称:智能真空开关\n2.型号:ZW32-12M/250A\n3.电压等级（kV):10KV\n4.托架：L-3型",null,"台",1,12421.79,12421.79]
[9,"030410004002","（箱变）线路型故障寻址器","1.名称:线路型故障寻址器\n2.电压等级（kV):10",null,"台",3,321.33,963.99]
[10,"030408001001","电力电缆","1.名称:电力电缆\n2.型号:YJLV22\n3.规格:3*50\n4.材质:铝芯\n5.电压等级(kV):8.7/15kV",null,"m",90,70.04,6303.6]
[11,"030408001002","电力电缆","1.名称:电力电缆\n2.型号:YJLV22\n3.规格:3*50\n4.材质:铝芯\n5.电压等级(kV):8.7/15kV",null,"m",44,69.81,3071.64]
[12,"030408006001","电力电缆头","1.名称:电缆终端头\n2.型号:YJLV22\n3.规格:3*50\n4.材质、类型:成套型电缆终端头-肘型-3*50\n5.电压等级（kV):8.7/15kV",null,"个",4,1349.92,5399.68]
["本页小计",{"$nulls":7},28160.7]
["注：为计取规费等的使用，可在表中增设其中：“定额人工费”。"]
[{"$nulls":9},"表—08"]
["分部分项工程和单价措施项目清单与计价表"]
["工程名称：哈尔滨市双城区分公司用电改造工程",{"$nulls":3},"标段：",{"$nulls":4},"第 3 页  共 3 页"]
["序号","项目编码","项目名称","项目特征描述",null,"计量单位","工程量","金额（元）"]
[{"$nulls":7},"综合单价","综合合价",null,"其中：暂估价"]
[13,"030402018001","新设80KVA箱变","1.名称:新设箱变\n2.容量（kV·A):80\n3.内含变压器、高低压控制柜及其附属设备,含电力考核表及计量表、计量CT",null,"台",1,67523.77,67523.77]
[14,"030414011001","接地装置","1.名称:接地系统调试",null,"系统",1,200.6,200.6]
[15,"030414002001","送配电装置系统","1.箱变系统调试",null,"系统",1,1531.38,1531.38]
[16,"030414002002","送配电装置系统","1.高压真空断路器调试",null,"系统",1,803.83,803.83]
[17,"030414002003","送配电装置系统","1.名称:低压配电系统调试\n2.电压等级(kV):0.4",null,"系统",1,306.91,306.91]
[null,null,"分部小计",{"$nulls":5},120107.72]
[null,null,"80KVA箱变基础"]
[18,"03B003","成品预制箱变基础","1.箱变基础预制 \n2.包含土方开挖及回填 \n3.包含安装费用",null,"座",1,37860,37860]
[null,null,"分部小计",{"$nulls":5},37860]
[null,null,"措施项目"]
[null,null,"分部小计"]
{"$rows_empty":8}
["本页小计",{"$nulls":7},108226.49]
["合   计",{"$nulls":7},157967.72]
["注：为计取规费等的使用，可在表中增设其中：“定额人工费”。"]
[{"$nulls":9},"表—08"]

{"sheet":"表-09 综合单价分析表","index":3,"n_rows":431,"n_cols":14,"rows_kept":431,"merged":[[0,0,0,13],[1,0,1,5],[1,6,1,9],[1,10,1,13],[2,0,2,1],[2,2,2,3],[2,4,2,6],[2,7,2,8],[2,9,2,10],[2,13,2,13],[3,0,3,13],[4,0,5,0],[4,1,5,1],[4,2,5,2],[4,3,5,3],[4,4,4,8],[4,9,4,13],[5,5,5,6],[5,8,5,8],[5,9,5,10],[5,13,5,13],[6,5,6,6],[6,8,6,8],[6,9,6,10],[6,13,6,13],[7,5,7,6],[7,8,7,8],[7,9,7,10],[7,13,7,13],[8,5,8,6],[8,8,8,8],[8,9,8,10],[8,13,8,13],[9,0,9,1],[9,2,9,8],[9,9,9,10],[9,13,9,13],[10,0,10,1],[10,2,10,8],[10,9,10,13],[11,0,11,8],[11,9,11,13],[12,0,15,0],[12,1,12,6],[12,8,12,8],[12,9,12,10],[12,13,12,13],[13,1,13,6],[13,8,13,8],[13,9,13,10],[13,13,13,13],[14,1,14,8],[14,9,14,10],[15,1,15,8],[15,9,15,10],[15,13,15,13],[16,0,16,0],[16,1,16,6],[16,8,16,8],[16,9,16,10],[16,13,16,13],[17,0,17,0],[17,1,17,6],[17,8,17,8],[17,9,17,10],[17,13,17,13],[18,0,18,0],[18,1,18,6],[18,8,18,8],[18,9,18,10],[18,13,18,13],[19,0,19,0],[19,1,19,6],[19,8,19,8],[19,9,19,10],[19,13,19,13],[20,0,20,0],[20,1,20,6],[20,8,20,8],[20,9,20,10],[20,13,20,13],[21,0,21,0],[21,1,21,6],[21,8,21,8],[21,9,21,10],[21,13,21,13],[22,0,22,9],[22,10,22,13],[23,0,23,13],[24,0,24,5],[24,6,24,9],[24,10,24,13],[25,0,25,1],[25,2,25,3],[25,4,25,6],[25,7,25,8],[25,9,25,10],[25,13,25,13],[26,0,26,13],[27,0,28,0],[27,1,28,1],[27,2,28,2],[27,3,28,3],[27,4,27,8],[27,9,27,13],[28,5,28,6],[28,8,28,8],[28,9,28,10],[28,13,28,13],[29,5,29,6],[29,8,29,8],[29,9,29,10],[29,13,29,13],[30,0,30,1],[30,2,30,8],[30,9,30,10],[30,13,30,13],[31,0,31,1],[31,2,31,8],[31,9,31,13],[32,0,32,8],[32,9,32,13],[33,0,33,0],[33,1,33,6],[33,8,33,8],[33,9,33,10],[33,13,33,13],[34,0,34,0],[34,1,34,6],[34,8,34,8],[34,9,34,10],[34,13,34,13],[35,0,35,0],[35,1,35,6],[35,8,35,8],[35,9,35,10],[35,13,35,13],[36,0,36,0],[36,1,36,6],[36,8,36,8],[36,9,36,10],[36,13,36,13],[37,0,37,0],[37,1,37,6],[37,8,37,8],[37,9,37,10],[37,13,37,13],[38,0,38,0],[38,1,38,6],[38,8,38,8],[38,9,38,10],[38,13,38,13],[39,0,39,0],[39,1,39,6],[39,8,39,8],[39,9,39,10],[39,13,39,13],[40,0,40,0],[40,1,40,6],[40,8,40,8],[40,9,40,10],[40,13,40,13],[41,0,41,0],[41,1,41,6],[41,8,41,8],[41,9,41,10],[41,13,41,13],[42,0,42,0],[42,1,42,6],[42,8,42,8],[42,9,42,10],[42,13,42,13],[43,0,43,0],[43,1,43,6],[43,8,43,8],[43,9,43,10],[43,13,43,13],[44,0,44,9],[44,10,44,13],[45,0,45,13],[46,0,46,5],[46,6,46,9],[46,10,46,13],[47,0,47,1],[47,2,47,3],[47,4,47,6],[47,7,47,8],[47,9,47,10],[47,13,47,13],[48,0,48,13],[49,0,50,0],[49,1,50,1],[49,2,50,2],[49,3,50,3],[49,4,49,8],[49,9,49,13],[50,5,50,6],[50,8,50,8],[50,9,50,10],[50,13,50,13],[51,5,51,6],[51,8,51,8],[51,9,51,10],[51,13,51,13],[52,0,52,1],[52,2,52,8],[52,9,52,10],[52,13,52,13],[53,0,53,1],[53,2,53,8],[53,9,53,13],[54,0,54,8],[54,9,54,13],[55,0,57,0],[55,1,55,6],[55,8,55,8],[55,9,55,10],[55,13,55,13],[56,1,56,8],[56,9,56,10],[57,1,57,8],[57,9,57,10],[57,13,57,13],[58,0,58,0],[58,1,58,6],[58,8,58,8],[58,9,58,10],[58,13,58,13],[59,0,59,0],[59,1,59,6],[59,8,59,8],[59,9,59,10],[59,13,59,13],[60,0,60,0],[60,1,60,6],[60,8,60,8],[60,9,60,10],[60,13,60,13],[61,0,61,0],[61,1,61,6],[61,8,61,8],[61,9,61,10],[61,13,61,13],[62,0,62,0],[62,1,62,6],[62,8,62,8],[62,9,62,10],[62,13,62,13],[63,0,63,0],[63,1,63,6],[63,8,63,8],[63,9,63,10],[63,13,63,13],[64,0,64,0],[64,1,64,6],[64,8,64,8],[64,9,64,10],[64,13,64,13],[65,0,65,0],[65,1,65,6],[65,8,65,8],[65,9,65,10],[65,13,65,13],[66,0,66,0],[66,1,66,6],[66,8,66,8],[66,9,66,10],[66,13,66,13],[67,0,67,0],[67,1,67,6],[67,8,67,8],[67,9,67,10],[67,13,67,13],[68,0,68,0],[68,1,68,6],[68,8,68,8],[68,9,68,10],[68,13,68,13],[69,0,69,9],[69,10,69,13],[70,0,70,13],[71,0,71,5],[71,6,71,9],[71,10,71,13],[72,0,72,1],[72,2,72,3],[72,4,72,6],[72,7,72,8],[72,9,72,10],[72,13,72,13],[73,0,73,13],[74,0,75,0],[74,1,75,1],[74,2,75,2],[74,3,75,3],[74,4,74,8],[74,9,74,13],[75,5,75,6],[75,8,75,8],[75,9,75,10],[75,13,75,13],[76,5,76,6],[76,8,76,8],[76,9,76,10],[76,13,76,13],[77,0,77,1],[77,2,77,8],[77,9,77,10],[77,13,77,13],[78,0,78,1],[78,2,78,8],[78,9,78,13],[79,0,79,8],[79,9,79,13],[80,0,83,0],[80,1,80,6],[80,8,80,8],[80,9,80,10],[80,13,80,13],[81,1,81,6],[81,8,81,8],[81,9,81,10],[81,13,81,13],[82,1,82,8],[82,9,82,10],[83,1,83,8],[83,9,83,10],[83,13,83,13],[84,0,84,0],[84,1,84,6],[84,8,84,8],[84,9,84,10],[84,13,84,13],[85,0,85,0],[85,1,85,6],[85,8,85,8],[85,9,85,10],[85,13,85,13],[86,0,86,0],[86,1,86,6],[86,8,86,8],[86,9,86,10],[86,13,86,13],[87,0,87,0],[87,1,87,6],[87,8,87,8],[87,9,87,10],[87,13,87,13],[88,0,88,0],[88,1,88,6],[88,8,88,8],[88,9,88,10],[88,13,88,13],[89,0,89,0],[89,1,89,6],[89,8,89,8],[89,9,89,10],[89,13,89,13],[90,0,90,0],[90,1,90,6],[90,8,90,8],[90,9,90,10],[90,13,90,13],[91,0,91,0],[91,1,91,6],[91,8,91,8],[91,9,91,10],[91,13,91,13],[92,0,92,0],[92,1,92,6],[92,8,92,8],[92,9,92,10],[92,13,92,13],[93,0,93,9],[93,10,93,13],[94,0,94,13],[95,0,95,5],[95,6,95,9],[95,10,95,13],[96,0,96,1],[96,2,96,3],[96,4,96,6],[96,7,96,8],[96,9,96,10],[96,13,96,13],[97,0,97,13],[98,0,99,0],[98,1,99,1],[98,2,99,2],[98,3,99,3],[98,4,98,8],[98,9,98,13],[99,5,99,6],[99,8,99,8],[99,9,99,10],[99,13,99,13],[100,5,100,6],[100,8,100,8],[100,9,100,10],[100,13,100,13],[101,0,101,1],[101,2,101,8],[101,9,101,10],[101,13,101,13],[102,0,102,1],[102,2,102,8],[102,9,102,13],[103,0,103,8],[103,9,103,13],[104,0,107,0],[104,1,104,6],[104,8,104,8],[104,9,104,10],[104,13,104,13],[105,1,105,6],[105,8,105,8],[105,9,105,10],[105,13,105,13],[106,1,106,8],[106,9,106,10],[107,1,107,8],[107,9,107,10],[107,13,107,13],[108,0,108,0],[108,1,108,6],[108,8,108,8],[108,9,108,10],[108,13,108,13],[109,0,109,0],[109,1,109,6],[109,8,109,8],[109,9,109,10],[109,13,109,13],[110,0,110,0],[110,1,110,6],[110,8,110,8],[110,9,110,10],[110,13,110,13],[111,0,111,0],[111,1,111,6],[111,8,111,8],[111,9,111,10],[111,13,111,13],[112,0,112,0],[112,1,112,6],[112,8,112,8],[112,9,112,10],[112,13,112,13],[113,0,113,0],[113,1,113,6],[113,8,113,8],[113,9,113,10],[113,13,113,13],[114,0,114,0],[114,1,114,6],[114,8,114,8],[114,9,114,10],[114,13,114,13],[115,0,115,0],[115,1,115,6],[115,8,115,8],[115,9,115,10],[115,13,115,13],[116,0,116,0],[116,1,116,6],[116,8,116,8],[116,9,116,10],[116,13,116,13],[117,0,117,9],[117,10,117,13],[118,0,118,13],[119,0,119,5],[119,6,119,9],[119,10,119,13],[120,0,120,1],[120,2,120,3],[120,4,120,6],[120,7,120,8],[120,9,120,10],[120,13,120,13],[121,0,121,13],[122,0,123,0],[122,1,123,1],[122,2,123,2],[122,3,123,3],[122,4,122,8],[122,9,122,13],[123,5,123,6],[123,8,123,8],[123,9,123,10],[123,13,123,13],[124,5,124,6],[124,8,124,8],[124,9,124,10],[124,13,124,13],[125,0,125,1],[125,2,125,8],[125,9,125,10],[125,13,125,13],[126,0,126,1],[126,2,126,8],[126,9,126,13],[127,0,127,8],[127,9,127,13],[128,0,131,0],[128,1,128,6],[128,8,128,8],[128,9,128,10],[128,13,128,13],[129,1,129,6],[129,8,129,8],[129,9,129,10],[129,13,129,13],[130,1,130,8],[130,9,130,10],[131,1,131,8],[131,9,131,10],[131,13,131,13],[132,0,132,0],[132,1,132,6],[132,8,132,8],[132,9,132,10],[132,13,132,13],[133,0,133,0],[133,1,133,6],[133,8,133,8],[133,9,133,10],[133,13,133,13],[134,0,134,0],[134,1,134,6],[134,8,134,8],[134,9,134,10],[134,13,134,13],[135,0,135,0],[135,1,135,6],[135,8,135,8],[135,9,135,10],[135,13,135,13],[136,0,136,0],[136,1,136,6],[136,8,136,8],[136,9,136,10],[136,13,136,13],[137,0,137,0],[137,1,137,6],[137,8,137,8],[137,9,137,10],[137,13,137,13],[138,0,138,0],[138,1,138,6],[138,8,138,8],[138,9,138,10],[138,13,138,13],[139,0,139,0],[139,1,139,6],[139,8,139,8],[139,9,139,10],[139,13,139,13],[140,0,140,0],[140,1,140,6],[140,8,140,8],[140,9,140,10],[140,13,140,13],[141,0,141,0],[141,1,141,6],[141,8,141,8],[141,9,141,10],[141,13,141,13],[142,0,142,9],[142,10,142,13],[143,0,143,13],[144,0,144,5],[144,6,144,9],[144,10,144,13],[145,0,145,1],[145,2,145,3],[145,4,145,6],[145,7,145,8],[145,9,145,10],[145,13,145,13],[146,0,146,13],[147,0,148,0],[147,1,148,1],[147,2,148,2],[147,3,148,3],[147,4,147,8],[147,9,147,13],[148,5,148,6],[148,8,148,8],[148,9,148,10],[148,13,148,13],[149,5,149,6],[149,8,149,8],[149,9,149,10],[149,13,149,13],[150,0,150,1],[150,2,150,8],[150,9,150,10],[150,13,150,13],[151,0,151,1],[151,2,151,8],[151,9,151,13],[152,0,152,8],[152,9,152,13],[153,0,156,0],[153,1,153,6],[153,8,153,8],[153,9,153,10],[153,13,153,13],[154,1,154,6],[154,8,154,8],[154,9,154,10],[154,13,154,13],[155,1,155,8],[155,9,155,10],[156,1,156,8],[156,9,156,10],[156,13,156,13],[157,0,157,0],[157,1,157,6],[157,8,157,8],[157,9,157,10],[157,13,157,13],[158,0,158,0],[158,1,158,6],[158,8,158,8],[158,9,158,10],[158,13,158,13],[159,0,159,0],[159,1,159,6],[159,8,159,8],[159,9,159,10],[159,13,159,13],[160,0,160,0],[160,1,160,6],[160,8,160,8],[160,9,160,10],[160,13,160,13],[161,0,161,0],[161,1,161,6],[161,8,161,8],[161,9,161,10],[161,13,161,13],[162,0,162,0],[162,1,162,6],[162,8,162,8],[162,9,162,10],[162,13,162,13],[163,0,163,0],[163,1,163,6],[163,8,163,8],[163,9,163,10],[163,13,163,13],[164,0,164,0],[164,1,164,6],[164,8,164,8],[164,9,164,10],[164,13,164,13],[165,0,165,0],[165,1,165,6],[165,8,165,8],[165,9,165,10],[165,13,165,13],[166,0,166,0],[166,1,166,6],[166,8,166,8],[166,9,166,10],[166,13,166,13],[167,0,167,9],[167,10,167,13],[168,0,168,13],[169,0,169,5],[169,6,169,9],[169,10,169,13],[170,0,170,1],[170,2,170,3],[170,4,170,6],[170,7,170,8],[170,9,170,10],[170,13,170,13],[171,0,171,13],[172,0,173,0],[172,1,173,1],[172,2,173,2],[172,3,173,3],[172,4,172,8],[172,9,172,13],[173,5,173,6],[173,8,173,8],[173,9,173,10],[173,13,173,13],[174,5,174,6],[174,8,174,8],[174,9,174,10],[174,13,174,13],[175,0,175,1],[175,2,175,8],[175,9,175,10],[175,13,175,13],[176,0,176,1],[176,2,176,8],[176,9,176,13],[177,0,177,8],[177,9,177,13],[178,0,182,0],[178,1,178,6],[178,8,178,8],[178,9,178,10],[178,13,178,13],[179,1,179,6],[179,8,179,8],[179,9,179,10],[179,13,179,13],[180,1,180,6],[180,8,180,8],[180,9,180,10],[180,13,180,13],[181,1,181,8],[181,9,181,10],[182,1,182,8],[182,9,182,10],[182,13,182,13],[183,0,183,0],[183,1,183,6],[183,8,183,8],[183,9,183,10],[183,13,183,13],[184,0,184,0],[184,1,184,6],[184,8,184,8],[184,9,184,10],[184,13,184,13],[185,0,185,0],[185,1,185,6],[185,8,185,8],[185,9,185,10],[185,13,185,13],[186,0,186,0],[186,1,186,6],[186,8,186,8],[186,9,186,10],[186,13,186,13],[187,0,187,0],[187,1,187,6],[187,8,187,8],[187,9,187,10],[187,13,187,13],[188,0,188,0],[188,1,188,6],[188,8,188,8],[188,9,188,10],[188,13,188,13],[189,0,189,0],[189,1,189,6],[189,8,189,8],[189,9,189,10],[189,13,189,13],[190,0,190,0],[190,1,190,6],[190,8,190,8],[190,9,190,10],[190,13,190,13],[191,0,191,9],[191,10,191,13],[192,0,192,13],[193,0,193,5],[193,6,193,9],[193,10,193,13],[194,0,194,1],[194,2,194,3],[194,4,194,6],[194,7,194,8],[194,9,194,10],[194,13,194,13],[195,0,195,13],[196,0,197,0],[196,1,197,1],[196,2,197,2],[196,3,197,3],[196,4,196,8],[196,9,196,13],[197,5,197,6],[197,8,197,8],[197,9,197,10],[197,13,197,13],[198,5,198,6],[198,8,198,8],[198,9,198,10],[198,13,198,13],[199,0,199,1],[199,2,199,8],[199,9,199,10],[199,13,199,13],[200,0,200,1],[200,2,200,8],[200,9,200,13],[201,0,201,8],[201,9,201,13],[202,0,205,0],[202,1,202,6],[202,8,202,8],[202,9,202,10],[202,13,202,13],[203,1,203,6],[203,8,203,8],[203,9,203,10],[203,13,203,13],[204,1,204,8],[204,9,204,10],[205,1,205,8],[205,9,205,10],[205,13,205,13],[206,0,206,0],[206,1,206,6],[206,8,206,8],[206,9,206,10],[206,13,206,13],[207,0,207,0],[207,1,207,6],[207,8,207,8],[207,9,207,10],[207,13,207,13],[208,0,208,0],[208,1,208,6],[208,8,208,8],[208,9,208,10],[208,13,208,13],[209,0,209,0],[209,1,209,6],[209,8,209,8],[209,9,209,10],[209,13,209,13],[210,0,210,0],[210,1,210,6],[210,8,210,8],[210,9,210,10],[210,13,210,13],[211,0,211,0],[211,1,211,6],[211,8,211,8],[211,9,211,10],[211,13,211,13],[212,0,212,0],[212,1,212,6],[212,8,212,8],[212,9,212,10],[212,13,212,13],[213,0,213,0],[213,1,213,6],[213,8,213,8],[213,9,213,10],[213,13,213,13],[214,0,214,0],[214,1,214,6],[214,8,214,8],[214,9,214,10],[214,13,214,13],[215,0,215,9],[215,10,215,13],[216,0,216,13],[217,0,217,5],[217,6,217,9],[217,10,217,13],[218,0,218,1],[218,2,218,3],[218,4,218,6],[218,7,218,8],[218,9,218,10],[218,13,218,13],[219,0,219,13],[220,0,221,0],[220,1,221,1],[220,2,221,2],[220,3,221,3],[220,4,220,8],[220,9,220,13],[221,5,221,6],[221,8,221,8],[221,9,221,10],[221,13,221,13],[222,5,222,6],[222,8,222,8],[222,9,222,10],[222,13,222,13],[223,0,223,1],[223,2,223,8],[223,9,223,10],[223,13,223,13],[224,0,224,1],[224,2,224,8],[224,9,224,13],[225,0,225,8],[225,9,225,13],[226,0,229,0],[226,1,226,6],[226,8,226,8],[226,9,226,10],[226,13,226,13],[227,1,227,6],[227,8,227,8],[227,9,227,10],[227,13,227,13],[228,1,228,8],[228,9,228,10],[229,1,229,8],[229,9,229,10],[229,13,229,13],[230,0,230,0],[230,1,230,6],[230,8,230,8],[230,9,230,10],[230,13,230,13],[231,0,231,0],[231,1,231,6],[231,8,231,8],[231,9,231,10],[231,13,231,13],[232,0,232,0],[232,1,232,6],[232,8,232,8],[232,9,232,10],[232,13,232,13],[233,0,233,0],[233,1,233,6],[233,8,233,8],[233,9,233,10],[233,13,233,13],[234,0,234,0],[234,1,234,6],[234,8,234,8],[234,9,234,10],[234,13,234,13],[235,0,235,0],[235,1,235,6],[235,8,235,8],[235,9,235,10],[235,13,235,13],[236,0,236,0],[236,1,236,6],[236,8,236,8],[236,9,236,10],[236,13,236,13],[237,0,237,0],[237,1,237,6],[237,8,237,8],[237,9,237,10],[237,13,237,13],[238,0,238,0],[238,1,238,6],[238,8,238,8],[238,9,238,10],[238,13,238,13],[239,0,239,9],[239,10,239,13],[240,0,240,13],[241,0,241,5],[241,6,241,9],[241,10,241,13],[242,0,242,1],[242,2,242,3],[242,4,242,6],[242,7,242,8],[242,9,242,10],[242,13,242,13],[243,0,243,13],[244,0,245,0],[244,1,245,1],[244,2,245,2],[244,3,245,3],[244,4,244,8],[244,9,244,13],[245,5,245,6],[245,8,245,8],[245,9,245,10],[245,13,245,13],[246,5,246,6],[246,8,246,8],[246,9,246,10],[246,13,246,13],[247,0,247,1],[247,2,247,8],[247,9,247,10],[247,13,247,13],[248,0,248,1],[248,2,248,8],[248,9,248,13],[249,0,249,8],[249,9,249,13],[250,0,253,0],[250,1,250,6],[250,8,250,8],[250,9,250,10],[250,13,250,13],[251,1,251,6],[251,8,251,8],[251,9,251,10],[251,13,251,13],[252,1,252,8],[252,9,252,10],[253,1,253,8]],"merged_total":1712,"flags":["merged_cut"]}
["综合单价分析表"]
["工程名称：哈尔滨市双城区分公司用电改造工程",{"$nulls":5},"标段：",{"$nulls":3},"第 1 页  共 18 页"]
["项目编码",null,"040501008001",null,"项目名称",null,null,"牵引管（顶管）敷设",null,"计量单位",null,"m","工程量",45]
["清单综合单价组成明细"]
["定额编号","定额项目名称","定额\n单位","数量","单价",{"$nulls":4},"合价"]
[{"$nulls":4},"人工费","材料费",null,"机械费","管理费\n和利润","人工费",null,"材料费","机械费","管理费\n和利润"]
["借5-432","水平导向钻进 钻导向孔 DN≤300mm","10m",0.1,221.68,60.68,null,223.59,51.53,22.17,null,6.07,22.36,5.15]
["借5-438","水平导向钻进 扩孔(mm以内) DN500","10m",0.1,637.9,186.27,null,667.86,148.28,63.79,null,18.63,66.79,14.83]
["借5-444","水平导向钻进 回拖布管(mm以内) DN500","10m",0.1,423.73,759.62,null,411.71,98.49,42.37,null,75.96,41.17,9.85]
["人工单价",null,"小计",{"$nulls":6},128.33,null,100.66,130.32,29.83]
["技工137元/工日;普工105元/工日",null,"未计价材料费",{"$nulls":6},68.48]
["清单项目综合单价",{"$nulls":8},389.13]
["材\n料\n费\n明\n细","主要材料名称、规格、型号",{"$nulls":5},"单位","数量","单价（元）",null,"合价（元）","暂估单价\n（元）","暂估合价\n（元）"]
[null,"HDPE165*12mm ",{"$nulls":5},"m",1.01,67.8,null,68.48]
[null,"其他材料费",{"$nulls":7},"-",null,32.18,"-"]
[null,"材料费小计",{"$nulls":7},"-",null,100.66,"-"]
[]
[]
[]
[]
[]
[]
["注：1.如不使用省级或行业建设主管部门发布的计价依据，可不填定额编码、名称等；\n    2.招标文件提供了暂估单价的材料，按暂估的单价填入表内“暂估单价”栏及“暂估合价”栏。",{"$nulls":9},"表-09"]
["综合单价分析表"]
["工程名称：哈尔滨市双城区分公司用电改造工程",{"$nulls":5},"标段：",{"$nulls":3},"第 2 页  共 18 页"]
["项目编码",null,"010101004001",null,"项目名称",null,null,"挖基坑土方",null,"计量单位",null,"m3","工程量",16]
["清单综合单价组成明细"]
["定额编号","定额项目名称","定额\n单位","数量","单价",{"$nulls":4},"合价"]
[{"$nulls":4},"人工费","材料费",null,"机械费","管理费\n和利润","人工费",null,"材料费","机械费","管理费\n和利润"]
["借1-58","小型挖掘机挖槽坑土方 一、二类土","10m3",0.1,86.84,null,null,17.21,22,8.68,null,null,1.72,2.2]
["人工单价",null,"小计",{"$nulls":6},8.68,null,null,1.72,2.2]
["普工105元/工日",null,"未计价材料费"]
["清单项目综合单价",{"$nulls":8},12.61]
["材\n料\n费\n明\n细","主要材料名称、规格、型号",{"$nulls":5},"单位","数量","单价（元）",null,"合价（元）","暂估单价\n（元）","暂估合价\n（元）"]
{"$rows_empty":10}
["注：1.如不使用省级或行业建设主管部门发布的计价依据，可不填定额编码、名称等；\n    2.招标文件提供了暂估单价的材料，按暂估的单价填入表内“暂估单价”栏及“暂估合价”栏。",{"$nulls":9},"表-09"]
["综合单价分析表"]
["工程名称：哈尔滨市双城区分公司用电改造工程",{"$nulls":5},"标段：",{"$nulls":3},"第 3 页  共 18 页"]
["项目编码",null,"010103001001",null,"项目名称",null,null,"回填方",null,"计量单位",null,"m3","工程量",20.25]
["清单综合单价组成明细"]
["定额编号","定额项目名称","定额\n单位","数量","单价",{"$nulls":4},"合价"]
[{"$nulls":4},"人工费","材料费",null,"机械费","管理费\n和利润","人工费",null,"材料费","机械费","管理费\n和利润"]
["借1-194","回填及其他 夯填土 机械","10m3",0.1,78.96,null,null,9.05,20,7.9,null,null,0.91,2]
["人工单价",null,"小计",{"$nulls":6},7.9,null,null,0.91,2]
["普工105元/工日",null,"未计价材料费"]
["清单项目综合单价",{"$nulls":8},10.8]
["材\n料\n费\n明\n细","主要材料名称、规格、型号",{"$nulls":5},"单位","数量","单价（元）",null,"合价（元）","暂估单价\n（元）","暂估合价\n（元）"]
[null,"其他材料费",{"$nulls":7},"-",null,null,"-"]
[null,"材料费小计",{"$nulls":7},"-",null,null,"-"]
{"$rows_empty":11}
["注：1.如不使用省级或行业建设主管部门发布的计价依据，可不填定额编码、名称等；\n    2.招标文件提供了暂估单价的材料，按暂估的单价填入表内“暂估单价”栏及“暂估合价”栏。",{"$nulls":9},"表-09"]
["综合单价分析表"]
["工程名称：哈尔滨市双城区分公司用电改造工程",{"$nulls":5},"标段：",{"$nulls":3},"第 4 页  共 18 页"]
["项目编码",null,"030408003001",null,"项目名称",null,null,"电缆保护管",null,"计量单位",null,"根","工程量",2]
["清单综合单价组成明细"]
["定额编号","定额项目名称","定额\n单位","数量","单价",{"$nulls":4},"合价"]
[{"$nulls":4},"人工费","材料费",null,"机械费","管理费\n和利润","人工费",null,"材料费","机械费","管理费\n和利润"]
["4-9-54","电缆保护管沿电杆敷设 钢管直径（mm） >80","根",1,90.61,202.7,null,0.91,22.84,90.62,null,202.7,0.91,22.84]
["人工单价",null,"小计",{"$nulls":6},90.62,null,202.7,0.91,22.84]
["技工137元/工日;普工105元/工日",null,"未计价材料费",{"$nulls":6},159.69]
["清单项目综合单价",{"$nulls":8},317.07]
["材\n料\n费\n明\n细","主要材料名称、规格、型号",{"$nulls":5},"单位","数量","单价（元）",null,"合价（元）","暂估单价\n（元）","暂估合价\n（元）"]
[null,"热镀锌钢管SC125 DN125",{"$nulls":5},"m",2.27,70.35,null,159.69]
[null,"其他材料费",{"$nulls":7},"-",null,43.01,"-"]
[null,"材料费小计",{"$nulls":7},"-",null,202.7,"-"]
{"$rows_empty":9}
["注：1.如不使用省级或行业建设主管部门发布的计价依据，可不填定额编码、名称等；\n    2.招标文件提供了暂估单价的材料，按暂估的单价填入表内“暂估单价”栏及“暂估合价”栏。",{"$nulls":9},"表-09"]
["综合单价分析表"]
["工程名称：哈尔滨市双城区分公司用电改造工程",{"$nulls":5},"标段：",{"$nulls":3},"第 5 页  共 18 页"]
["项目编码",null,"030408003002",null,"项目名称",null,null,"电缆保护管",null,"计量单位",null,"根","工程量",2]
["清单综合单价组成明细"]
["定额编号","定额项目名称","定额\n单位","数量","单价",{"$nulls":4},"合价"]
[{"$nulls":4},"人工费","材料费",null,"机械费","管理费\n和利润","人工费",null,"材料费","机械费","管理费\n和利润"]
["4-9-31","电缆保护钢管埋地铺设 直径(mm) ≤150","10m",0.2,87,765.42,null,3.45,21.91,17.4,null,153.08,0.69,4.38]
["人工单价",null,"小计",{"$nulls":6},17.4,null,153.08,0.69,4.38]
["技工137元/工日;普工105元/工日",null,"未计价材料费",{"$nulls":6},144.92]
["清单项目综合单价",{"$nulls":8},175.56]
["材\n料\n费\n明\n细","主要材料名称、规格、型号",{"$nulls":5},"单位","数量","单价（元）",null,"合价（元）","暂估单价\n（元）","暂估合价\n（元）"]
[null,"热镀锌钢管SC125 DN125",{"$nulls":5},"m",2.06,70.35,null,144.92]
[null,"其他材料费",{"$nulls":7},"-",null,8.16,"-"]
[null,"材料费小计",{"$nulls":7},"-",null,153.08,"-"]
{"$rows_empty":9}
["注：1.如不使用省级或行业建设主管部门发布的计价依据，可不填定额编码、名称等；\n    2.招标文件提供了暂估单价的材料，按暂估的单价填入表内“暂估单价”栏及“暂估合价”栏。",{"$nulls":9},"表-09"]
["综合单价分析表"]
["工程名称：哈尔滨市双城区分公司用电改造工程",{"$nulls":5},"标段：",{"$nulls":3},"第 6 页  共 18 页"]
["项目编码",null,"030409002001",null,"项目名称",null,null,"（箱变）接地母线",null,"计量单位",null,"m","工程量",55]
["清单综合单价组成明细"]
["定额编号","定额项目名称","定额\n单位","数量","单价",{"$nulls":4},"合价"]
[{"$nulls":4},"人工费","材料费",null,"机械费","管理费\n和利润","人工费",null,"材料费","机械费","管理费\n和利润"]
["4-10-59","接地母线敷设 户外","m",1,26.24,7.08,null,0.11,6.61,26.24,null,7.08,0.11,6.61]
["人工单价",null,"小计",{"$nulls":6},26.24,null,7.08,0.11,6.61]
["技工137元/工日;普工105元/工日",null,"未计价材料费",{"$nulls":6},6.8]
["清单项目综合单价",{"$nulls":8},40.04]
["材\n料\n费\n明\n细","主要材料名称、规格、型号",{"$nulls":5},"单位","数量","单价（元）",null,"合价（元）","暂估单价\n（元）","暂估合价\n（元）"]
[null,"镀锌扁钢 40*4 ",{"$nulls":5},"m",1.05,6.48,null,6.8]
[null,"其他材料费",{"$nulls":7},"-",null,0.29,"-"]
[null,"材料费小计",{"$nulls":7},"-",null,7.09,"-"]
{"$rows_empty":10}
["注：1.如不使用省级或行业建设主管部门发布的计价依据，可不填定额编码、名称等；\n    2.招标文件提供了暂估单价的材料，按暂估的单价填入表内“暂估单价”栏及“暂估合价”栏。",{"$nulls":9},"表-09"]
["综合单价分析表"]
["工程名称：哈尔滨市双城区分公司用电改造工程",{"$nulls":5},"标段：",{"$nulls":3},"第 7 页  共 18 页"]
["项目编码",null,"030409001001",null,"项目名称",null,null,"（箱变）接地极",null,"计量单位",null,"根","工程量",6]
["清单综合单价组成明细"]
["定额编号","定额项目名称","定额\n单位","数量","单价",{"$nulls":4},"合价"]
[{"$nulls":4},"人工费","材料费",null,"机械费","管理费\n和利润","人工费",null,"材料费","机械费","管理费\n和利润"]
["4-10-52","角钢接地极 普通土","根",1,20.83,48.13,null,2.75,5.25,20.83,null,48.13,2.75,5.25]
["人工单价",null,"小计",{"$nulls":6},20.83,null,48.13,2.75,5.25]
["技工137元/工日;普工105元/工日",null,"未计价材料费",{"$nulls":6},45.46]
["清单项目综合单价",{"$nulls":8},76.96]
["材\n料\n费\n明\n细","主要材料名称、规格、型号",{"$nulls":5},"单位","数量","单价（元）",null,"合价（元）","暂估单价\n（元）","暂估合价\n（元）"]
[null,"镀锌角钢50*50*5 ",{"$nulls":5},"m",2.62,17.35,null,45.46]
[null,"其他材料费",{"$nulls":7},"-",null,2.67,"-"]
[null,"材料费小计",{"$nulls":7},"-",null,48.13,"-"]
{"$rows_empty":10}
["注：1.如不使用省级或行业建设主管部门发布的计价依据，可不填定额编码、名称等；\n    2.招标文件提供了暂估单价的材料，按暂估的单价填入表内“暂估单价”栏及“暂估合价”栏。",{"$nulls":9},"表-09"]
["综合单价分析表"]
["工程名称：哈尔滨市双城区分公司用电改造工程",{"$nulls":5},"标段：",{"$nulls":3},"第 8 页  共 18 页"]
["项目编码",null,"030410004001",null,"项目名称",null,null,"（箱变及线路）智能真空开关",null,"计量单位",null,"台","工程量",1]
["清单综合单价组成明细"]
["定额编号","定额项目名称","定额\n单位","数量","单价",{"$nulls":4},"合价"]
[{"$nulls":4},"人工费","材料费",null,"机械费","管理费\n和利润","人工费",null,"材料费","机械费","管理费\n和利润"]
["4-11-249","配电设备安装 断路器","台",1,502.76,11535.48,null,256.83,126.72,502.76,null,11535.48,256.83,126.72]
["人工单价",null,"小计",{"$nulls":6},502.76,null,11535.48,256.83,126.72]
["技工137元/工日;普工105元/工日",null,"未计价材料费",{"$nulls":6},11500]
["清单项目综合单价",{"$nulls":8},12421.79]
["材\n料\n费\n明\n细","主要材料名称、规格、型号",{"$nulls":5},"单位","数量","单价（元）",null,"合价（元）","暂估单价\n（元）","暂估合价\n（元）"]
[null,"智能真空开关托架及其附属配件（全套） ",{"$nulls":5},"台",1,2200,null,2200]
[null,"智能真空开关 GW9-15/250A ",{"$nulls":5},"台",1,9300,null,9300]
[null,"其他材料费",{"$nulls":7},"-",null,35.49,"-"]
[null,"材料费小计",{"$nulls":7},"-",null,11535.49,"-"]
{"$rows_empty":8}
["注：1.如不使用省级或行业建设主管部门发布的计价依据，可不填定额编码、名称等；\n    2.招标文件提供了暂估单价的材料，按暂估的单价填入表内“暂估单价”栏及“暂估合价”栏。",{"$nulls":9},"表-09"]
["综合单价分析表"]
["工程名称：哈尔滨市双城区分公司用电改造工程",{"$nulls":5},"标段：",{"$nulls":3},"第 9 页  共 18 页"]
["项目编码",null,"030410004002",null,"项目名称",null,null,"（箱变）线路型故障寻址器",null,"计量单位",null,"台","工程量",3]
["清单综合单价组成明细"]
["定额编号","定额项目名称","定额\n单位","数量","单价",{"$nulls":4},"合价"]
[{"$nulls":4},"人工费","材料费",null,"机械费","管理费\n和利润","人工费",null,"材料费","机械费","管理费\n和利润"]
["4-11-260","配电设备安装 线路故障指示器","只",1,4.42,315.59,null,0.2,1.12,4.42,null,315.59,0.2,1.12]
["人工单价",null,"小计",{"$nulls":6},4.42,null,315.59,0.2,1.12]
["技工137元/工日;普工105元/工日",null,"未计价材料费",{"$nulls":6},315]
["清单项目综合单价",{"$nulls":8},321.33]
["材\n料\n费\n明\n细","主要材料名称、规格、型号",{"$nulls":5},"单位","数量","单价（元）",null,"合价（元）","暂估单价\n（元）","暂估合价\n（元）"]
[null,"线路型故障寻址器 ",{"$nulls":5},"只",1,315,null,315]
[null,"其他材料费",{"$nulls":7},"-",null,0.59,"-"]
[null,"材料费小计",{"$nulls":7},"-",null,315.59,"-"]
{"$rows_empty":9}
["注：1.如不使用省级或行业建设主管部门发布的计价依据，可不填定额编码、名称等；\n    2.招标文件提供了暂估单价的材料，按暂估的单价填入表内“暂估单价”栏及“暂估合价”栏。",{"$nulls":9},"表-09"]
["综合单价分析表"]
["工程名称：哈尔滨市双城区分公司用电改造工程",{"$nulls":5},"标段：",{"$nulls":3},"第 10 页  共 18 页"]
["项目编码",null,"030408001001",null,"项目名称",null,null,"电力电缆",null,"计量单位",null,"m","工程量",90]
["清单综合单价组成明细"]
["定额编号","定额项目名称","定额\n单位","数量","单价",{"$nulls":4},"合价"]
[{"$nulls":4},"人工费","材料费",null,"机械费","管理费\n和利润","人工费",null,"材料费","机械费","管理费\n和利润"]
["4-9-202","排管内电力三芯电缆敷设 电缆截面(mm2) ≤50","10m",0.1,46.24,633.78,null,8.69,11.64,4.62,null,63.38,0.87,1.16]
["人工单价",null,"小计",{"$nulls":6},4.62,null,63.38,0.87,1.16]
["技工137元/工日;普工105元/工日",null,"未计价材料费",{"$nulls":6},62.6]
["清单项目综合单价",{"$nulls":8},70.04]
["材\n料\n费\n明\n细","主要材料名称、规格、型号",{"$nulls":5},"单位","数量","单价（元）",null,"合价（元）","暂估单价\n（元）","暂估合价\n（元）"]
[null,"电力电缆 YJLV22-3*50 ",{"$nulls":5},"m",1.01,61.98,null,62.6]
[null,"其他材料费",{"$nulls":7},"-",null,0.78,"-"]
[null,"材料费小计",{"$nulls":7},"-",null,63.38,"-"]
{"$rows_empty":9}
["注：1.如不使用省级或行业建设主管部门发布的计价依据，可不填定额编码、名称等；\n    2.招标文件提供了暂估单价的材料，按暂估的单价填入表内“暂估单价”栏及“暂估合价”栏。",{"$nulls":9},"表-09"]
["综合单价分析表"]
["工程名称：哈尔滨市双城区分公司用电改造工程",{"$nulls":5},"标段：",{"$nulls":3},"第 11 页  共 18 页"]
["项目编码",null,"030408001002",null,"项目名称",null,null,"电力电缆",null,"计量单位",null,"m","工程量",44]
["清单综合单价组成明细"]
["定额编号","定额项目名称","定额\n单位","数量","单价",{"$nulls":4},"合价"]
[{"$nulls":4},"人工费","材料费",null,"机械费","管理费\n和利润","人工费",null,"材料费","机械费","管理费\n和利润"]
["4-9-230","铝芯电力三芯电缆敷设 电缆截面(mm2) ≤50","10m",0.1,36.14,644.8,null,8.02,9.1,3.61,null,64.48,0.8,0.91]
["人工单价",null,"小计",{"$nulls":6},3.61,null,64.48,0.8,0.91]
["技工137元/工日;普工105元/工日",null,"未计价材料费",{"$nulls":6},62.6]
["清单项目综合单价",{"$nulls":8},69.81]
["材\n料\n费\n明\n细","主要材料名称、规格、型号",{"$nulls":5},"单位","数量","单价（元）",null,"合价（元）","暂估单价\n（元）","暂估合价\n（元）"]
[null,"电力电缆电力电缆 YJLV22-3*50 ",{"$nulls":5},"m",1.01,61.98,null,62.6]
[null,"其他材料费",{"$nulls":7},"-",null,1.88,"-"]
[null,"材料费小计",{"$nulls":7},"-",null,64.48,"-"]
{"$rows_empty":9}
["注：1.如不使用省级或行业建设主管部门发布的计价依据，可不填定额编码、名称等；\n    2.招标文件提供了暂估单价的材料，按暂估的单价填入表内“暂估单价”栏及“暂估合价”栏。",{"$nulls":9},"表-09"]
["综合单价分析表"]
["工程名称：哈尔滨市双城区分公司用电改造工程",{"$nulls":5},"标段：",{"$nulls":3},"第 12 页  共 18 页"]
["项目编码",null,"030408006001",null,"项目名称",null,null,"电力电缆头",null,"计量单位",null,"个","工程量",4]
["清单综合单价组成明细"]
["定额编号","定额项目名称","定额\n单位","数量","单价",{"$nulls":4},"合价"]
[{"$nulls":4},"人工费","材料费",null,"机械费","管理费\n和利润","人工费",null,"材料费","机械费","管理费\n和利润"]
["4-9-608","10kV以下室内铝芯电力电缆热(冷)缩式终端头 电缆截面(mm2) ≤70","个",0.5,65.23,1206.86,null,null,16.43,32.62,null,603.43,null,8.22]
["4-9-618","10kV以下室外铝芯电力电缆热(冷)缩式终端头 电缆截面(mm2) ≤70","个",0.5,164.66,1205.19,null,null,41.47,82.33,null,602.6,null,20.74]
["人工单价",null,"小计",{"$nulls":6},114.95,null,1206.03,null,28.96]
["技工137元/工日;普工105元/工日",null,"未计价材料费",{"$nulls":6},1081.2]
["清单项目综合单价",{"$nulls":8},1349.92]
["材\n料\n费\n明\n细","主要材料名称、规格、型号",{"$nulls":5},"单位","数量","单价（元）",null,"合价（元）","暂估单价\n（元）","暂估合价\n（元）"]
[null,"户外热缩式电缆终端头 ",{"$nulls":5},"套",0.51,1060,null,540.6]
[null,"热（冷）缩式电缆终端头 ",{"$nulls":5},"套",0.51,1060,null,540.6]
[null,"其他材料费",{"$nulls":7},"-",null,124.82,"-"]
[null,"材料费小计",{"$nulls":7},"-",null,1206.02,"-"]
[]
[]
[]
[]
[]
["注：1.如不使用省级或行业建设主管部门发布的计价依据，可不填定额编码、名称等；\n    2.招标文件提供了暂估单价的材料，按暂估的单价填入表内“暂估单价”栏及“暂估合价”栏。",{"$nulls":9},"表-09"]
["综合单价分析表"]
["工程名称：哈尔滨市双城区分公司用电改造工程",{"$nulls":5},"标段：",{"$nulls":3},"第 13 页  共 18 页"]
["项目编码",null,"030402018001",null,"项目名称",null,null,"新设80KVA箱变",null,"计量单位",null,"台","工程量",1]
["清单综合单价组成明细"]
["定额编号","定额项目名称","定额\n单位","数量","单价",{"$nulls":4},"合价"]
[{"$nulls":4},"人工费","材料费",null,"机械费","管理费\n和利润","人工费",null,"材料费","机械费","管理费\n和利润"]
["4-2-78","箱式变电站安装 变压器容量(kV·A) ≤100","座",1,507.33,66416.53,null,472.11,127.8,507.33,null,66416.53,472.11,127.8]
["人工单价",null,"小计",{"$nulls":6},507.33,null,66416.53,472.11,127.8]
["技工137元/工日;普工105元/工日",null,"未计价材料费",{"$nulls":6},66000]
["清单项目综合单价",{"$nulls":8},67523.77]
["材\n料\n费\n明\n细","主要材料名称、规格、型号",{"$nulls":5},"单位","数量","单价（元）",null,"合价（元）","暂估单价\n（元）","暂估合价\n（元）"]
[null,"箱式变80KVA ",{"$nulls":5},"座",1,66000,null,66000]
[null,"其他材料费",{"$nulls":7},"-",null,416.52,"-"]
[null,"材料费小计",{"$nulls":7},"-",null,66416.52,"-"]
{"$rows_empty":9}
["注：1.如不使用省级或行业建设主管部门发布的计价依据，可不填定额编码、名称等；\n    2.招标文件提供了暂估单价的材料，按暂估的单价填入表内“暂估单价”栏及“暂估合价”栏。",{"$nulls":9},"表-09"]
["综合单价分析表"]
["工程名称：哈尔滨市双城区分公司用电改造工程",{"$nulls":5},"标段：",{"$nulls":3},"第 14 页  共 18 页"]
["项目编码",null,"030414011001",null,"项目名称",null,null,"接地装置",null,"计量单位",null,"系统","工程量",1]
["清单综合单价组成明细"]
["定额编号","定额项目名称","定额\n单位","数量","单价",{"$nulls":4},"合价"]
[{"$nulls":4},"人工费","材料费",null,"机械费","管理费\n和利润","人工费",null,"材料费","机械费","管理费\n和利润"]
["4-10-71","接地电阻测定","系统",1,120.01,14.01,null,36.36,30.22,120.01,null,14.01,36.36,30.22]
["人工单价",null,"小计",{"$nulls":6},120.01,null,14.01,36.36,30.22]
["技工137元/工日;普工105元/工日",null,"未计价材料费"]
["清单项目综合单价",{"$nulls":8},200.6]
["材\n料\n费\n明\n细","主要材料名称、规格、型号",{"$nulls":5},"单位","数量","单价（元）",null,"合价（元）","暂估单价\n（元）","暂估合价\n（元）"]
[null,"其他材料费",{"$nulls":7},"-",null,14.01,"-"]
[null,"材料费小计",{"$nulls":7},"-",null,14.01,"-"]
{"$rows_empty":11}
["注：1.如不使用省级或行业建设主管部门发布的计价依据，可不填定额编码、名称等；\n    2.招标文件提供了暂估单价的材料，按暂估的单价填入表内“暂估单价”栏及“暂估合价”栏。",{"$nulls":9},"表-09"]
["综合单价分析表"]
["工程名称：哈尔滨市双城区分公司用电改造工程",{"$nulls":5},"标段：",{"$nulls":3},"第 15 页  共 18 页"]
["项目编码",null,"030414002001",null,"项目名称",null,null,"送配电装置系统",null,"计量单位",null,"系统","工程量",1]
["清单综合单价组成明细"]
["定额编号","定额项目名称","定额\n单位","数量","单价",{"$nulls":4},"合价"]
[{"$nulls":4},"人工费","材料费",null,"机械费","管理费\n和利润","人工费",null,"材料费","机械费","管理费\n和利润"]
["4-17-173","组合型成套箱式变电站系统调试 变压器容量(80kV·A)","座",1,506.07,4.76,null,892.45,128.1,506.07,null,4.76,892.45,128.1]
["人工单价",null,"小计",{"$nulls":6},506.07,null,4.76,892.45,128.1]
["技工137元/工日;普工105元/工日",null,"未计价材料费"]
["清单项目综合单价",{"$nulls":8},1531.38]
["材\n料\n费\n明\n细","主要材料名称、规格、型号",{"$nulls":5},"单位","数量","单价（元）",null,"合价（元）","暂估单价\n（元）","暂估合价\n（元）"]
[null,"其他材料费",{"$nulls":7},"-",null,4.75,"-"]
[null,"材料费小计",{"$nulls":7},"-",null,4.75,"-"]
{"$rows_empty":9}
["注：1.如不使用省级或行业建设主管部门发布的计价依据，可不填定额编码、名称等；\n    2.招标文件提供了暂估单价的材料，按暂估的单价填入表内“暂估单价”栏及“暂估合价”栏。",{"$nulls":9},"表-09"]
["综合单价分析表"]
["工程名称：哈尔滨市双城区分公司用电改造工程",{"$nulls":5},"标段：",{"$nulls":3},"第 16 页  共 18 页"]
["项目编码",null,"030414002002",null,"项目名称",null,null,"送配电装置系统",null,"计量单位",null,"系统","工程量",1]
["清单综合单价组成明细"]
["定额编号","定额项目名称","定额\n单位","数量","单价",{"$nulls":4},"合价"]
[{"$nulls":4},"人工费","材料费",null,"机械费","管理费\n和利润","人工费",null,"材料费","机械费","管理费\n和利润"]
["4-17-44","≤10kV交流供电装置系统调试 带断路器","系统",1,412.56,4.92,null,282.42,103.93,412.56,null,4.92,282.42,103.93]
["人工单价",null,"小计",{"$nulls":6},412.56,null,4.92,282.42,103.93]
["技工137元/工日;普工105元/工日",null,"未计价材料费"]
["清单项目综合单价",{"$nulls":8},803.83]
["材\n料\n费\n明\n细","主要材料名称、规格、型号",{"$nulls":5},"单位","数量","单价（元）",null,"合价（元）","暂估单价\n（元）","暂估合价\n（元）"]
[null,"其他材料费",{"$nulls":7},"-",null,4.93,"-"]
[null,"材料费小计",{"$nulls":7},"-",null,4.93,"-"]
{"$rows_empty":10}
["注：1.如不使用省级或行业建设主管部门发布的计价依据，可不填定额编码、名称等；\n    2.招标文件提供了暂估单价的材料，按暂估的单价填入表内“暂估单价”栏及“暂估合价”栏。",{"$nulls":9},"表-09"]
["综合单价分析表"]
["工程名称：哈尔滨市双城区分公司用电改造工程",{"$nulls":5},"标段：",{"$nulls":3},"第 17 页  共 18 页"]
["项目编码",null,"030414002003",null,"项目名称",null,null,"送配电装置系统",null,"计量单位",null,"系统","工程量",1]
["清单综合单价组成明细"]
["定额编号","定额项目名称","定额\n单位","数量","单价",{"$nulls":4},"合价"]
[{"$nulls":4},"人工费","材料费",null,"机械费","管理费\n和利润","人工费",null,"材料费","机械费","管理费\n和利润"]
["4-17-42","≤1kV交流供电装置系统调试","系统",1,212.01,1.64,null,39.84,53.41,212.02,null,1.64,39.84,53.41]
["人工单价",null,"小计",{"$nulls":6},212.02,null,1.64,39.84,53.41]
["技工137元/工日;普工105元/工日",null,"未计价材料费"]
["清单项目综合单价",{"$nulls":8},306.91]
["材\n料\n费\n明\n细","主要材料名称、规格、型号",{"$nulls":5},"单位","数量","单价（元）",null,"合价（元）","暂估单价\n（元）","暂估合价\n（元）"]
[null,"其他材料费",{"$nulls":7},"-",null,1.64,"-"]
[null,"材料费小计",{"$nulls":7},"-",null,1.64,"-"]
{"$rows_empty":10}
["注：1.如不使用省级或行业建设主管部门发布的计价依据，可不填定额编码、名称等；\n    2.招标文件提供了暂估单价的材料，按暂估的单价填入表内“暂估单价”栏及“暂估合价”栏。",{"$nulls":9},"表-09"]
["综合单价分析表"]
["工程名称：哈尔滨市双城区分公司用电改造工程",{"$nulls":5},"标段：",{"$nulls":3},"第 18 页  共 18 页"]
["项目编码",null,"03B003",null,"项目名称",null,null,"成品预制箱变基础",null,"计量单位",null,"座","工程量",1]
["清单综合单价组成明细"]
["定额编号","定额项目名称","定额\n单位","数量","单价",{"$nulls":4},"合价"]
[{"$nulls":4},"人工费","材料费",null,"机械费","管理费\n和利润","人工费",null,"材料费","机械费","管理费\n和利润"]
["补子目2","成品预制箱变基础","座",1,12000,16000,null,6500,3360,12000,null,16000,6500,3360]
["人工单价",null,"小计",{"$nulls":6},12000,null,16000,6500,3360]
[null,null,"未计价材料费"]
["清单项目综合单价",{"$nulls":8},37860]
["材\n料\n费\n明\n细","主要材料名称、规格、型号",{"$nulls":5},"单位","数量","单价（元）",null,"合价（元）","暂估单价\n（元）","暂估合价\n（元）"]
[null,"其他材料费",{"$nulls":7},"-",null,16000,"-"]
[null,"材料费小计",{"$nulls":7},"-",null,16000,"-"]
{"$rows_empty":11}
["注：1.如不使用省级或行业建设主管部门发布的计价依据，可不填定额编码、名称等；\n    2.招标文件提供了暂估单价的材料，按暂估的单价填入表内“暂估单价”栏及“暂估合价”栏。",{"$nulls":9},"表-09"]

{"sheet":"表-11 总价措施项目清单与计价表","index":4,"n_rows":23,"n_cols":11,"rows_kept":23,"merged":[[0,0,0,10],[1,0,1,3],[1,4,1,7],[1,8,1,10],[2,3,2,4],[2,7,2,8],[3,3,3,4],[3,7,3,8],[4,3,4,4],[4,7,4,8],[5,3,5,4],[5,7,5,8],[6,3,6,4],[6,7,6,8],[7,3,7,4],[7,7,7,8],[8,3,8,4],[8,7,8,8],[9,3,9,4],[9,7,9,8],[10,3,10,4],[10,7,10,8],[11,3,11,4],[11,7,11,8],[12,3,12,4],[12,7,12,8],[13,3,13,4],[13,7,13,8],[14,3,14,4],[14,7,14,8],[15,3,15,4],[15,7,15,8],[16,3,16,4],[16,7,16,8],[17,3,17,4],[17,7,17,8],[18,3,18,4],[18,7,18,8],[19,0,19,5],[19,7,19,8],[20,0,20,3],[20,4,20,7],[20,8,20,10],[21,0,21,10],[22,0,22,3],[22,4,22,7],[22,8,22,10]]}
["总价措施项目清单与计价表"]
["工程名称：哈尔滨市双城区分公司用电改造工程",{"$nulls":3},"标段：",{"$nulls":3},"第 1 页  共 1 页"]
["序号","项目编码","项目名称","基数说明",null,"费率\n(%)","金额\n(元)","调整\n费率(%)",null,"调整后\n金额(元)","备注"]
["一",null,"安全文明施工费",{"$nulls":3},4296.72]
["1","031302001001","安全文明施工费","分部分项合计+单价措施项目费-分部分项设备费-单价措施项目设备费",null,"2.72",4296.72]
["二",null,"其他措施项目费",{"$nulls":3},118.89]
["2","031302002001","夜间施工费","分部分项计费人工费+单价措施计费人工费",null,"0.12",26.42]
["3","031302004001","二次搬运费","分部分项计费人工费+单价措施计费人工费",null,"0.12",26.42]
["4","031302005002","冬季施工增加费","分部分项冬季施工人工预算价+分部分项冬季施工机具预算价+单价措施冬季施工人工预算价+单价措施冬季施工机具预算价",null,"0"]
["5","031302005001","雨季施工增加费","分部分项计费人工费+单价措施计费人工费",null,"0.11",24.22]
["6","031302006001","已完工程及设备保护费","分部分项计费人工费+单价措施计费人工费",null,"0.11",24.22]
["7","03B001","工程定位复测费","分部分项计费人工费+单价措施计费人工费",null,"0.08",17.61]
["三",null,"专业工程措施项目费"]
["8","03B002","专业工程措施项目费"]
[]
[]
[]
[]
[]
["合    计",{"$nulls":5},4415.61]
["编制人（造价人员）：",{"$nulls":3},"复核人（造价工程师）："]
["注：1.“计算基础”中安全文明施工费可为“定额基价”、“定额人工费”或“定额人工费+定额机械费”，其他项目可为“定额人工费”或“定额人工费+定额机械费”。\n    2.按施工方案计算的措施费，若无“计算基础”和“费率”的数值，也可只填“金额”数值，但应在备注栏说明施工方案出处或计算方法。"]
[{"$nulls":8},"表-11"]

{"sheet":"表-13 规费、税金项目清单与计价表","index":5,"n_rows":34,"n_cols":8,"rows_kept":34,"merged":[[0,0,0,7],[1,0,1,2],[1,3,1,4],[1,5,1,7],[2,2,2,3],[2,4,2,5],[3,2,3,3],[3,4,3,5],[4,2,4,3],[4,4,4,5],[5,2,5,3],[5,4,5,5],[6,2,6,3],[6,4,6,5],[7,2,7,3],[7,4,7,5],[8,2,8,3],[8,4,8,5],[9,2,9,3],[9,4,9,5],[10,2,10,3],[10,4,10,5],[11,2,11,3],[11,4,11,5],[12,2,12,3],[12,4,12,5],[13,2,13,3],[13,4,13,5],[14,2,14,3],[14,4,14,5],[15,2,15,3],[15,4,15,5],[16,2,16,3],[16,4,16,5],[17,2,17,3],[17,4,17,5],[18,2,18,3],[18,4,18,5],[19,2,19,3],[19,4,19,5],[20,2,20,3],[20,4,20,5],[21,2,21,3],[21,4,21,5],[22,2,22,3],[22,4,22,5],[23,2,23,3],[23,4,23,5],[24,2,24,3],[24,4,24,5],[25,2,25,3],[25,4,25,5],[26,2,26,3],[26,4,26,5],[27,2,27,3],[27,4,27,5],[28,2,28,3],[28,4,28,5],[29,2,29,3],[29,4,29,5],[30,2,30,3],[30,4,30,5],[31,0,31,6],[32,0,32,2],[32,3,32,4],[32,5,32,7],[33,0,33,2],[33,3,33,4],[33,5,33,7]]}
["规费、税金项目清单与计价表"]
["工程名称：哈尔滨市双城区分公司用电改造工程",null,null,"标段：",null,"第 1 页  共 1 页"]
["序号","项目名称","计算基础",null,"计算基数",null,"计算费率\n(%)","金额(元)"]
["1","规费","[（A）+（B）+（C）+人工费价差]×费率",{"$nulls":4},7089.04]
["1.1","社会保险费","养老保险费+医疗保险费+失业保险费+工伤保险费+生育保险费",null,5930.7,null,null,5930.7]
["1.1.1","养老保险费","计费人工费+人工价差",null,23166.84,null,"16",3706.69]
["1.1.2","医疗保险费","计费人工费+人工价差",null,23166.84,null,"7.5",1737.51]
["1.1.3","失业保险费","计费人工费+人工价差",null,23166.84,null,"0.5",115.83]
["1.1.4","工伤保险费","计费人工费+人工价差",null,23166.84,null,"1",231.67]
["1.1.5","生育保险费","计费人工费+人工价差",null,23166.84,null,"0.6",139]
["1.2","住房公积金","计费人工费+人工价差",null,23166.84,null,"5",1158.34]
["1.3","环境保护税","按实际发生计算"]
["2","税金","[（一）+（二）+（三）+（四）-（3）-（4）-甲供材料费]×税率",null,169472.37,null,"9",15252.51]
{"$rows_empty":18}
["合    计",{"$nulls":6},22341.55]
["编制人（造价人员）：",null,null,"复核人（造价工程师）："]
[{"$nulls":5},"表—13"]

{"sheet":"主要材料价格表","index":6,"n_rows":43,"n_cols":8,"rows_kept":43,"merged":[[0,0,0,7],[1,0,1,2],[1,3,1,4],[1,5,1,7],[2,2,2,3],[2,4,2,5],[3,2,3,3],[3,4,3,5],[4,2,4,3],[4,4,4,5],[5,2,5,3],[5,4,5,5],[6,2,6,3],[6,4,6,5],[7,2,7,3],[7,4,7,5],[8,2,8,3],[8,4,8,5],[9,2,9,3],[9,4,9,5],[10,2,10,3],[10,4,10,5],[11,2,11,3],[11,4,11,5],[12,2,12,3],[12,4,12,5],[13,2,13,3],[13,4,13,5],[14,2,14,3],[14,4,14,5],[15,2,15,3],[15,4,15,5],[16,2,16,3],[16,4,16,5],[17,2,17,3],[17,4,17,5],[18,2,18,3],[18,4,18,5],[19,2,19,3],[19,4,19,5],[20,2,20,3],[20,4,20,5],[21,2,21,3],[21,4,21,5],[22,2,22,3],[22,4,22,5],[23,2,23,3],[23,4,23,5],[24,2,24,3],[24,4,24,5],[25,2,25,3],[25,4,25,5],[26,2,26,3],[26,4,26,5],[27,2,27,3],[27,4,27,5],[28,2,28,3],[28,4,28,5],[29,2,29,3],[29,4,29,5],[30,2,30,3],[30,4,30,5],[31,2,31,3],[31,4,31,5],[32,2,32,3],[32,4,32,5],[33,2,33,3],[33,4,33,5],[34,2,34,3],[34,4,34,5],[35,2,35,3],[35,4,35,5],[36,2,36,3],[36,4,36,5],[37,2,37,3],[37,4,37,5],[38,2,38,3],[38,4,38,5],[39,2,39,3],[39,4,39,5],[40,2,40,3],[40,4,40,5],[41,2,41,3],[41,4,41,5],[42,0,42,2],[42,3,42,4],[42,5,42,7]]}
["主要材料价格表"]
["工程名称：哈尔滨市双城区分公司用电改造工程",null,null,"标段：",null,"第 1 页   共 1 页"]
["序号","材料编码","材料名称规格、型号等特殊要求",null,"单位",null,"单价(元)","备注"]
[1,"Z00104@2","热镀锌钢管SC125DN125",null,"m",null,70.35]
[2,"Z00253@1","热镀锌钢管SC125DN125",null,"m",null,70.35]
[3,"Z00271","户外热缩式电缆终端头",null,"套",null,1060]
[4,"Z00330@2","电力电缆 YJLV22-3*50",null,"m",null,61.98]
[5,"Z00330@3","电力电缆电力电缆 YJLV22-3*50",null,"m",null,61.98]
[6,"Z00434@1","HDPE165*12mm",null,"m",null,67.8]
[7,"Z01110@1","镀锌角钢50*50*5",null,"m",null,17.35]
[8,"Z01112@1","镀锌扁钢 40*4",null,"m",null,6.48]
[9,"Z01197","热（冷）缩式电缆终端头",null,"套",null,1060]
[10,"补充主材001","箱式变80KVA",null,"座",null,66000]
[11,"补充主材003@1","智能真空开关 GW9-15/250A",null,"台",null,9300]
[12,"补充主材004","智能真空开关托架及其附属配件（全套）",null,"台",null,2200]
[13,"补充主材006","线路型故障寻址器",null,"只",null,315]
{"$rows_empty":26}
[{"$nulls":5},"招（投）标表2.3-16"]